02438 a2200253 45000010006000000050017000060080041000230030015000640400040000790800031001192450029001500200022001792500012002012640032002133000025002455051680002700410008019501000021019587000021019797000028020007000022020287000039020508560095020894333420260407155717.0260407a2007 arg spa dAR-UNSa-BCEJYS aAR-UNSa-BCEJYSbspacAR-UNSa-BCEJYS a330xEconomía en general10aPrincipios de economía a978-84-481-5672-5 a3a. ed. 1aMadrid :bMcGraw-Hillc2007 axlii, 946 p.c27 cm. a1. Pensando como un economista - 2. Ventaja comparativa: base de intercambio - 3. Oferta y demanda: introducción - 4. La elasticidad - 5. La demanda: el lado de los beneficios del mercado - 6. La oferta perfectamente competitiva: El lado del coste del mercado - 7. Eficiencia e intercambio - 8. La búsqueda de beneficios y la mano invisible - 9. El comercio internacional - 10. El monopolio y otros tipos de competencia imperfecta - 11. La elección estratégica en el oligopolio, la competencia monopolística y la vida diaria - 12. Externalidades y derechos de propiedad - 13. La economía de la información - 14. Los mercados de trabajo, pobreza y la distribución de la renta - 15. El medio ambiente, la sanidad y la seguridad - 16. Los bienes públicos y la política tributaria - 17. Macroeconomía: Visión panorámica de la economía - 18. Medición de la actividad económica: El PIB y el desempleo - 19. Medición de nivel de precios y de la inflación - 20. El crecimiento económico, la productividad y los niveles de vida - 21. Los trabajadores, los salarios y el desempleo en la economía moderna - 22. El ahorro y la formación de capital - 23. El dinero, los precios y la reserva federal - 24. Los mercados financieros y los movimientos internacionales de capitales - 25. Las fluctuaciones económicas a corto plazo: introducción - 26. El gasto y la producción a corto plazo - 27. La estabilización de la economía: El papel del banco central - 28. La inflación, la oferta agregada y la demanda agregada - 29. La práctica y las dificultades de la política macroeconómica - 30. Los tipos de cambio y la economía abiera aspa1 aBernanke, Ben S.1 aFrank, Robert H.1 aRabasco, María Esther1 aKaufman, Roger T.1 aCarreón Rodríguez, Víctor G.41uhttps://biblioeco.unsa.edu.ar/pmb/images/libros/L126648.jpgyImagen de portadaqimage/jpeg